| 000 | 00780cam a22002054a 4500 | ||
|---|---|---|---|
| 020 | _a0072303557 (pbk.) | ||
| 020 | _a007248540X | ||
| 020 | _a0072482850 (cdrom) | ||
| 040 | _cDLC | ||
| 082 | 0 | 0 | _a745 MCG 2002 A085 Or. |
| 100 | 1 | _aStewart, Mary, | |
| 245 | 1 | 0 |
_aLaunching the imagination : _ba comprehensive guide to basic design / |
| 250 | _a1st ed | ||
| 260 |
_aBoston : _bMcGraw-Hill, _cc2002 |
||
| 300 |
_a1 v. (various pagings) : _bill. (some col.) ; _c28 cm. + _e1 CD-ROM (4 3/4 in.) |
||
| 500 | _aAlso issued in parts titled: Launching the imagination. Two-dimensional design and Launching the imagination. Three-dimensional design | ||
| 500 | _aCD-ROM entitled: Lauching the imagination, volumes I, II, & combined / Mary Stewart | ||
| 650 | 0 | _aDesign | |
| 942 | _cEK | ||
| 999 |
_c11937 _d11937 |
||